México a través de los siglos (Record no. 9115)

MARC details
000 -CABECERA
campo de control de longitud fija 01679nam a2200289 a 4500
001 - NÚMERO DE CONTROL
campo de control BRL_302
005 - FECHA Y HORA DE LA ÚLTIMA TRANSACCIÓN
campo de control 20190320210658.0
008 - DATOS DE LONGITUD FIJA--INFORMACIÓN GENERAL
campo de control de longitud fija 230713s1962----mx-ao#####---#000-0#spa-#
041 ## - CÓDIGO DE LENGUA
Código de lengua del texto/banda sonora o título independiente mx
044 ## - CÓDIGO DEL PAÍS DE LA ENTIDAD EDITORA/PRODUCTORA
Código MARC del país spa
050 #4 - SIGNATURA TOPOGRÁFICA DE LA BIBLIOTECA DEL CONGRESO
Número de clasificación F1226
Número de documento/Ítem .M49 1962
245 10 - MENCIÓN DE TÍTULO
Título México a través de los siglos
Resto del título historia general y completa del desenvolvimiento social, político, religioso, militar, artístico, científico y literario de México desde la antigüedad más remota hasta la epoca actual : obra única en su género
Mención de responsabilidad, etc. imparcial y concienzudamente escrita en vista de cuanto existe de notable y en presencia de preciosos datos y documentos hasta hace poco desconocidos, por los reputados literatos Arias ... D. Juan de Dios, Chavero ... [D.] Alfredo, Riva Palacio, D. Vicente, Vigil.. ... [D.] José María, Zárate, D. Julio ; bajo la dirección del general D. Vicente Riva Palacio.
250 ## - MENCIÓN DE EDICIÓN
Mención de edición 4a ed.
260 ## - PUBLICACIÓN, DISTRIBUCIÓN, ETC.
Lugar de publicación, distribución, etc. México
Nombre del editor, distribuidor, etc. Editorial Cumbre
Fecha de publicación, distribución, etc. 1962
300 ## - DESCRIPCIÓN FÍSICA
Extensión v.5
Otras características físicas il., mapas
Dimensiones 36 cm.
500 ## - NOTA GENERAL
Nota general v.1 Au545, v.2 Au546, v.3 Au547, v.5 Au548
505 0# - NOTA DE CONTENIDO CON FORMATO
Nota de contenido con formato Contenido : v. 1. Historia antigua y de la conquista-- v. 2. El virreinato. Historia de la dominacion española en Mexico desde 1521 a 1808-- v. 3. La guerra de independencia-- v. 4. Mexico independiente, 1821-1855-- v. 5. La reforma
651 #4 - PUNTO DE ACCESO ADICIONAL DE MATERIA--NOMBRE GEOGRÁFICO
Nombre geográfico México
Subdivisión general Historia
9 (RLIN) 614
651 #4 - PUNTO DE ACCESO ADICIONAL DE MATERIA--NOMBRE GEOGRÁFICO
Nombre geográfico México
Subdivisión de forma Bibliografía
Subdivisión general Historia
9 (RLIN) 5417
700 1# - PUNTO DE ACCESO ADICIONAL--NOMBRE DE PERSONA
Nombre de persona Riva Palacio, Vicente
Fechas asociadas al nombre 1832-1896
9 (RLIN) 1019
700 1# - PUNTO DE ACCESO ADICIONAL--NOMBRE DE PERSONA
Nombre de persona Arias, Juan de Dios
Fechas asociadas al nombre 1828-1886
9 (RLIN) 5829
700 1# - PUNTO DE ACCESO ADICIONAL--NOMBRE DE PERSONA
Nombre de persona Chavero, Alfredo
Fechas asociadas al nombre 1841-1906
9 (RLIN) 23493
700 1# - PUNTO DE ACCESO ADICIONAL--NOMBRE DE PERSONA
Nombre de persona Vigil, José María
Fechas asociadas al nombre 1829-1909
9 (RLIN) 23494
700 1# - PUNTO DE ACCESO ADICIONAL--NOMBRE DE PERSONA
Nombre de persona Zárate, Julio
Fechas asociadas al nombre 1844-1917
9 (RLIN) 16610
902 ## - CATALOGADOR
Iniciales GRL
942 ## - ELEMENTOS DE PUNTO DE ACCESO ADICIONAL (KOHA)
Fuente del sistema de clasificación o colocación Library of Congress Classification
Tipo de ítem Koha Libros
Holdings
Estado de retiro Estado de pérdida Estado dañado No para préstamo Localización permanente Ubicación/localización actual Fecha de adquisición Total de préstamos Signatura topográfica completa Código de barras Fecha visto por última vez Precio válido a partir de Tipo de ítem Koha
El ejemplar forma parte de la colección y puede ser consultado según las políticas vigentes.       Biblioteca Centro de Estudios Ruth D. Lechuga Biblioteca Centro de Estudios Ruth D. Lechuga 23/07/2013   F1226 .M49 1962 GRL00515 22/03/2019 22/03/2019 Libros
El ejemplar forma parte de la colección y puede ser consultado según las políticas vigentes.       Biblioteca Centro de Estudios Ruth D. Lechuga Biblioteca Centro de Estudios Ruth D. Lechuga 26/08/2015   F1226 .M49 1962 GRL00516 22/03/2019 22/03/2019 Libros
El ejemplar forma parte de la colección y puede ser consultado según las políticas vigentes.       Biblioteca Centro de Estudios Ruth D. Lechuga Biblioteca Centro de Estudios Ruth D. Lechuga 26/08/2015   F1226 .M49 1962 GRL00517 22/03/2019 22/03/2019 Libros
El ejemplar forma parte de la colección y puede ser consultado según las políticas vigentes.       Biblioteca Centro de Estudios Ruth D. Lechuga Biblioteca Centro de Estudios Ruth D. Lechuga 26/08/2015   F1226 .M49 1962 GRL00518 22/03/2019 22/03/2019 Libros